Manual de procedimiento administrativo sancionador: parte general
Αποθηκεύτηκε σε:
| Κύριος συγγραφέας: | |
|---|---|
| Μορφή: | Βιβλίο |
| Γλώσσα: | Ισπανικά |
| Έκδοση: |
Santiago
Thomas Reuters
2017
|
| Έκδοση: | 2a. ed |
| Σειρά: | Colección Tratados y Manuales
|
| Θέματα: | |
| Ετικέτες: |
Προσθήκη ετικέτας
Δεν υπάρχουν, Καταχωρήστε ετικέτα πρώτοι!
|
MARC
| LEADER | 00000cam a2200000 a 4500 | ||
|---|---|---|---|
| 001 | UCC0975 | ||
| 003 | CL-VaPUC | ||
| 008 | 170915e20170800cl |||||||||||||||||spa|d | ||
| 020 | |a 9789563468960 | ||
| 082 | 0 | 4 | |a 342.83066 |b OSO |2 21 |
| 100 | |a Osorio Vargas, Cristóbal Salvador |e autor |9 879035 | ||
| 245 | 1 | 0 | |a Manual de procedimiento administrativo sancionador: parte general |
| 250 | |a 2a. ed | ||
| 300 | |a 1124 p | ||
| 942 | |c BK | ||
| 945 | |d 20170915 11:20:00 |a arojas | ||
| 260 | |a Santiago |b Thomas Reuters |c 2017 | ||
| 650 | 0 | |a Procedimiento administrativo |9 256132 | |
| 650 | 7 | |a SANCIONES ADMINISTRATIVAS |2 CL-VaPUC |9 574917 | |
| 650 | 0 | |a Manuales |9 257144 | |
| 583 | |a last modification |c 20170915 11:20:00 |k Rodrigo Vera | ||
| 490 | 0 | |a Colección Tratados y Manuales | |
| 999 | |c 369588 |d 369586 | ||
| 952 | |0 0 |1 0 |3 erb |4 0 |6 342_830660000000000_OSO_2017 |7 0 |8 A |9 485512 |a BIBDER |b BIBDER |i 542447K |l 5 |m 3 |o 342.83066 OSO 2017 |p 542447K |r 2023-01-25 |s 2022-05-10 |w 2019-11-24 |y BK |z Catalogado en:20170915 |k DER | ||